Let's do it (Record no. 77532)
[ view plain ]
| 000 -LEADER | |
|---|---|
| fixed length control field | 00895cab a2200193 4500 |
| 001 - CONTROL NUMBER | |
| control field | ##L134465 |
| 008 - FIXED-LENGTH DATA ELEMENTS--GENERAL INFORMATION | |
| fixed length control field | 060808n2006 000 0 eng u |
| 035 ## - SYSTEM CONTROL NUMBER | |
| System control number | (Sirsi) u134465 |
| 041 0# - LANGUAGE CODE | |
| Language code of text/sound track or separate title | eng |
| 100 1# - MAIN ENTRY--PERSONAL NAME | |
| Personal name | McGowan, Amy |
| 245 00 - TITLE STATEMENT | |
| Title | Let's do it |
| 260 ## - PUBLICATION, DISTRIBUTION, ETC. | |
| Date of publication, distribution, etc. | 2006 |
| 490 #0 - SERIES STATEMENT | |
| Series statement | RIBA Journal |
| Volume/sequential designation | 113(8) August 2006, 48-49(2) |
| 520 ## - SUMMARY, ETC. | |
| Summary, etc. | Reports on the construction of the Carbon 60 Research House at Nottingham University. This prototype house is designed to show how sustainable energy technologies combined with modern construction methods can make an energy-efficient, cost-effective home easy to build. A further five demonstration houses, each testing different design innovations, are planned to be built over the next three years. Cutaway diagram of house. |
| 590 ## - LOCAL NOTE (RLIN) | |
| Local note | IKA220806 |
| 651 #4 - SUBJECT ADDED ENTRY--GEOGRAPHIC NAME | |
| Geographic name | England |
| Chronological subdivision | 886- |
| 690 ## - LOCAL SUBJECT ADDED ENTRY--TOPICAL TERM (OCLC, RLIN) | |
| Topical term or geographic name as entry element | BUILT ENVIRONMENT-SUSTAINABLE CONSTRUCTION |
| 942 ## - ADDED ENTRY ELEMENTS (KOHA) | |
| Suppress in OPAC | 0 |
| Withdrawn status | Lost status | Source of classification or shelving scheme | Damaged status | Not for loan | Home library | Current library | Shelving location | Date acquired | Total Checkouts | Full call number | Barcode | Date last seen | Copy number | Price effective from | Koha item type |
|---|---|---|---|---|---|---|---|---|---|---|---|---|---|---|---|
| Dewey Decimal Classification | London | London | Journal article | 08/08/2006 | L134465 | 134465-1001 | 06/08/2019 | 1 | 06/08/2019 | Journal article |